[Event "Challenge"]
[Site "http://www.queenalice.com/game.php?id=880760"]
[Date "2011.1.3"]
[Round "-"]
[White "AMWAY"]
[Black "kasparov_chess"]
[Result "1-0"]
[WhiteElo "2015"]
[BlackElo "1420"]

1. d4 d5 2. Nf3 Nc6 3. Bf4 Nf6 4. Nc3 h6 5. h4 a6 6. g4 Bxg4 7. Ne5 e6 8. Rg1
Bd6 9. Qd2 O-O 10. Nxg4 Bxf4 11. Qxf4 Nh5 12. Nxh6+ Kh8 13. Nxf7+ Kg8 14. Nh6+
Kh8 15. Qg5 Qe8 16. e4 Nxd4 17. Be2 Nxc2+ 18. Kd2 Nxa1 19. Bxh5 Qd7 20. Rxa1
dxe4+ 21. Kc2 Qd3+ 22. Kb3 Rxf2 23. Nf7+ Kg8 24. Ne5 Qc2+ 25. Kc4 b5+ 26. Kc5
Qxb2 27. Qc1 Qxc1 28. Rxc1 1-0

[Event "AUTO-BEG-462"]
[Site "http://www.queenalice.com/game.php?id=898523"]
[Date "2011.2.10"]
[Round "1"]
[White "moira"]
[Black "kasparov_chess"]
[Result "0-1"]
[WhiteElo "1061"]
[BlackElo "1452"]

1. e4 e5 2. d3 Nc6 3. Be3 Be7 4. Nc3 h6 5. Nd5 Nf6 6. Nf3 O-O 7. Be2 d6 8. O-O
Be6 9. Qd2 Bxd5 10. exd5 Nxd5 11. c4 Nf6 12. Bd1 e4 13. dxe4 Re8 14. Ba4 Nxe4
15. Qd5 Bf6 16. Bxc6 bxc6 17. Qxc6 Bxb2 18. Rab1 Bf6 19. Rb7 Re7 20. Rb5 a6 21.
Rb7 Nc3 22. Rb2 Nd1 23. Rxd1 Bxb2 24. Bd4 Bxd4 25. Nxd4 Re5 26. f4 Rc5 27. h3
Rxc6 28. Nxc6 Qh4 29. a4 Qxf4 30. Ne7+ Kf8 31. Nc6 Qxc4 32. Re1 Qxc6 33. h4 Qc5+
34. Kh2 f5 35. Kh3 f4 36. g3 fxg3 37. Kxg3 Qc3+ 38. Re3 Qxe3+ 0-1

[Event "AUTO-BEG-462"]
[Site "http://www.queenalice.com/game.php?id=898524"]
[Date "2011.2.10"]
[Round "1"]
[White "kasparov_chess"]
[Black "moira"]
[Result "1-0"]
[WhiteElo "1457"]
[BlackElo "1064"]

1. e4 e5 2. Qh5 Nf6 3. Qxe5+ Be7 4. Nf3 O-O 5. Bc4 d6 6. Qd4 Nc6 7. Qc3 Nxe4 8.
Qb3 d5 9. Bxd5 Be6 10. Bxe6 fxe6 11. Qxe6+ Rf7 12. Qxe4 Nb4 13. a3 Nd5 14. c4
Nb6 15. Nc3 Bf6 16. O-O Re7 17. Qxb7 Rc8 18. Qxa7 Nxc4 19. d4 Kf7 20. Qa6 Bg5
21. Qxc4+ Ke8 22. Bxg5 h6 23. Bxe7 Qxe7 24. Rfe1 g5 25. Rxe7+ Kxe7 26. Re1+ Kf6
27. Qe6+ Kg7 28. Qxc8 c6 29. Qxc6 g4 30. Re7+ Kf8 31. Qe8# 1-0

[Event "AUTO-BEG-462"]
[Site "http://www.queenalice.com/game.php?id=898535"]
[Date "2011.2.10"]
[Round "1"]
[White "estella"]
[Black "kasparov_chess"]
[Result "1-0"]
[WhiteElo "1502"]
[BlackElo "1500"]

1. e4 e5 2. Nf3 d6 3. d4 exd4 4. Qxd4 Nc6 5. Qd3 Nf6 6. Nc3 Nb4 7. Qe2 Bg4 8. a3
Bxf3 9. gxf3 Nc6 10. Qb5 Qd7 11. Qxb7 Be7 12. Qxa8+ Bd8 13. Bb5 O-O 14. Bxc6 Qh3
15. Qxa7 Qxf3 16. Rg1 Ng4 17. Rg3 Qh1+ 18. Ke2 Nxh2 19. Qd4 Qf1+ 20. Ke3 Bf6 21.
Qxf6 Qe1+ 22. Kd4 g6 23. Bh6 Qxa1 24. Qg7# 1-0

[Event "AUTO-BEG-462"]
[Site "http://www.queenalice.com/game.php?id=898536"]
[Date "2011.2.10"]
[Round "1"]
[White "kasparov_chess"]
[Black "estella"]
[Result "0-1"]
[WhiteElo "1452"]
[BlackElo "1565"]

1. e4 Nf6 2. Nc3 Nc6 3. Nf3 d6 4. d4 e5 5. Bb5 Bd7 6. h3 Nxd4 7. Bxd7+ Qxd7 8.
O-O Be7 9. Nxd4 d5 10. Nf3 Nxe4 11. Nxe5 Qe6 12. Bf4 Qf5 13. Qc1 g5 14. Nxd5 Bd6
15. g4 Qe6 16. Qd1 f6 17. Nd3 Qxd5 18. Bxd6 Nxd6 19. Re1+ Kf8 20. b3 Re8 21.
Rxe8+ Kxe8 22. Qe2+ Kf7 23. c4 Qc6 24. c5 Re8 25. Qc2 Ne4 26. b4 f5 27. gxf5 Qf6
28. Qc4+ Kf8 29. Qd5 Qxa1+ 30. Kg2 g4 31. hxg4 Qd1 32. b5 Qxg4+ 33. Kf1 Nxf2 34.
Nxf2 Qe2+ 35. Kg2 Qxb5 36. f6 Re2 0-1

[Event "AUTO-BEG-465"]
[Site "http://www.queenalice.com/game.php?id=902195"]
[Date "2011.2.18"]
[Round "1"]
[White "murphyfish"]
[Black "kasparov_chess"]
[Result "0-1"]
[WhiteElo "1392"]
[BlackElo "1442"]

1. e4 e5 2. Nf3 d6 3. g3 Nf6 4. Bg2 Be7 5. O-O O-O 6. d4 exd4 7. Nxd4 c5 8. Nf5
Bxf5 9. exf5 Nbd7 10. Nc3 Rb8 11. f3 b5 12. a4 bxa4 13. Rxa4 d5 14. Nxd5 Nh5 15.
Qe2 Re8 16. f4 g6 17. Rxa7 Bf6 18. Qa6 Bd4+ 19. Be3 Bxe3+ 20. Nxe3 Rb6 21. Qc4
Rxe3 22. Qd5 Nhf6 23. Qd2 Re7 24. h4 Rxb2 25. Bc6 h5 26. Rfa1 Qb6 27. Ra8+ Kg7
28. Bxd7 Rxd7 29. Qe1 c4+ 30. Kf1 Rxc2 31. Qe8 Qf2# 0-1

[Event "AUTO-BEG-465"]
[Site "http://www.queenalice.com/game.php?id=902196"]
[Date "2011.2.18"]
[Round "1"]
[White "kasparov_chess"]
[Black "murphyfish"]
[Result "1-0"]
[WhiteElo "1433"]
[BlackElo "1339"]

1. e4 e5 2. Qh5 g6 3. Qxe5+ Ne7 4. Qxh8 d5 5. Qxh7 dxe4 6. Nc3 Bf5 7. d3 Nbc6 8.
dxe4 Bg4 9. h3 Bh5 10. Bb5 a6 11. Bxc6+ bxc6 12. Bh6 Rb8 13. b3 Qd7 14. Qh8 Kd8
15. Qxf8+ Qe8 16. Rd1+ 1-0

[Event "AUTO-BEG-465"]
[Site "http://www.queenalice.com/game.php?id=902211"]
[Date "2011.2.18"]
[Round "1"]
[White "kadu10"]
[Black "kasparov_chess"]
[Result "1-0"]
[WhiteElo "1486"]
[BlackElo "1483"]

1. e4 e5 2. Nf3 d6 3. Bc4 h6 4. c3 Nf6 5. d3 Be7 6. O-O O-O 7. h3 Bd7 8. Be3 Nc6
9. a3 a6 10. d4 exd4 11. Nxd4 Nxd4 12. Qxd4 c5 13. Qd3 b5 14. Ba2 c4 15. Qc2 d5
16. exd5 Nxd5 17. Bd4 Nf4 18. Nd2 Bc6 19. Bb1 Qd5 20. Qh7# 1-0

[Event "AUTO-BEG-465"]
[Site "http://www.queenalice.com/game.php?id=902212"]
[Date "2011.2.18"]
[Round "1"]
[White "kasparov_chess"]
[Black "kadu10"]
[Result "0-1"]
[WhiteElo "1428"]
[BlackElo "1660"]

1. e4 e5 2. Qh5 d6 3. Bc4 g6 4. Qf3 Nf6 5. h3 Bg7 6. Ne2 a6 7. O-O b5 8. Bb3 c5
9. c3 c4 10. Bc2 O-O 11. d4 Bb7 12. b3 cxb3 13. Bxb3 Bxe4 14. Qg3 Nc6 15. Nd2
Bf5 16. Qf3 Qd7 17. dxe5 Nxe5 18. Re1 Nxf3+ 19. Nxf3 Ne4 20. Bb2 Rac8 21. Rad1
Nxc3 22. Nxc3 Bxc3 23. Bxc3 Rxc3 24. g4 Bxg4 25. Ng5 Bxd1 26. Bxd1 h6 27. Ne4
Rc1 0-1

[Event "AUTO-BEG-466"]
[Site "http://www.queenalice.com/game.php?id=903629"]
[Date "2011.2.21"]
[Round "1"]
[White "ricardofortaleza"]
[Black "kasparov_chess"]
[Result "1/2-1/2"]
[WhiteElo "1306"]
[BlackElo "1459"]

1. e4 e5 2. Nf3 d6 3. Be2 Nf6 4. O-O Be7 5. d3 Bg4 6. Bg5 O-O 7. c4 h6 8. Bxf6
Bxf6 9. Nbd2 Bxf3 10. Bxf3 Nc6 11. b4 Nxb4 12. a3 Nxd3 13. Qb3 Nf4 14. a4 a6 15.
g3 Nh3+ 16. Kg2 Qd7 17. g4 Nf4+ 18. Kg1 Nh3+ 19. Kg2 Nf4+ 20. Kg1 Qe7 21. c5
dxc5 22. Qxb7 Rad8 23. Qxa6 Rxd2 24. Rfd1 Nh3+ 25. Kg2 Nf4+ 26. Kf1 Rxd1+ 27.
Rxd1 Rd8 28. Qc4 Rxd1+ 29. Bxd1 Qd7 30. Bb3 Ne6 31. a5 c6 32. a6 Bh4 33. Qa4 Nd4
34. a7 Nxb3 35. a8=Q+ Bd8 36. Qxb3 c4 37. Qxc4 Qd1+ 38. Kg2 Qxg4+ 39. Kf1 Qd1+
40. Kg2 Qg4+ 1/2-1/2

[Event "AUTO-BEG-466"]
[Site "http://www.queenalice.com/game.php?id=903630"]
[Date "2011.2.21"]
[Round "1"]
[White "kasparov_chess"]
[Black "ricardofortaleza"]
[Result "1-0"]
[WhiteElo "1457"]
[BlackElo "1335"]

1. e4 e5 2. Qh5 g6 3. Qxe5+ Ne7 4. Qxh8 d5 5. Qxh7 Bd7 6. Bd3 dxe4 7. Bxe4 c6 8.
h3 b5 9. Nf3 a5 10. d4 b4 11. O-O Ra6 12. Qh8 a4 13. Bh6 Bf5 14. Qxf8+ Kd7 15.
Bxf5+ Nxf5 16. Qxf7+ Kc8 17. Qe6+ Qd7 18. Qg8+ Qd8 19. Qxg6 Ne7 20. Qe6+ Nd7 21.
d5 Nxd5 22. Nd4 Rb6 23. Nxc6 Qc7 24. Qxd5 Qxc6 25. Qd2 Kb7 26. a3 bxa3 27. bxa3
Ne5 28. Re1 Nc4 29. Re7+ Ka6 30. Qd3 Qxh6 31. Qxc4+ Rb5 32. Qc8+ Ka5 33. Ra7+
Kb6 34. Qc7# 1-0

[Event "AUTO-BEG-466"]
[Site "http://www.queenalice.com/game.php?id=903645"]
[Date "2011.2.21"]
[Round "1"]
[White "castropereira"]
[Black "kasparov_chess"]
[Result "0-1"]
[WhiteElo "1116"]
[BlackElo "1370"]

1. e4 e5 2. Nf3 d6 3. c3 Nf6 4. h4 Be7 5. h5 O-O 6. d4 exd4 7. cxd4 Bd7 8. e5
dxe5 9. dxe5 Ng4 10. a4 Re8 11. a5 Bc5 12. Nd4 Rxe5+ 13. Kd2 Bb4+ 14. Nc3 Nxf2
15. Qf3 Ne4+ 16. Kd1 Bxc3 17. bxc3 c5 18. Nf5 Ba4+ 19. Ke1 Nd2+ 20. Kf2 Nxf3 21.
Kxf3 Rxf5+ 22. Kg3 Qd6+ 23. Kg4 Bd7 24. Rh3 Rxf1+ 25. Kg5 Qf6# 0-1

[Event "AUTO-BEG-466"]
[Site "http://www.queenalice.com/game.php?id=903646"]
[Date "2011.2.21"]
[Round "1"]
[White "kasparov_chess"]
[Black "castropereira"]
[Result "1-0"]
[WhiteElo "1297"]
[BlackElo "1116"]

1. e4 Nf6 2. Nc3 c6 3. d4 b6 4. Nf3 c5 5. Bb5 a6 6. Bc4 b5 7. Bd3 cxd4 8. Nxd4
b4 9. Na4 d5 10. exd5 Nxd5 11. O-O h5 12. c4 Bg4 13. Qc2 Nf4 14. Be3 Nxd3 15.
Qxd3 Rh6 16. Bxh6 gxh6 17. h3 Bd7 18. Nc5 Nc6 19. Rad1 Bg7 20. Ndb3 Bxb2 21. Qh7
Nd4 22. Qg8# 1-0

[Event "AUTO-BEG-466"]
[Site "http://www.queenalice.com/game.php?id=903657"]
[Date "2011.2.21"]
[Round "1"]
[White "kasparov_chess"]
[Black "benoni"]
[Result "0-1"]
[WhiteElo "1422"]
[BlackElo "1838"]

1. e4 e6 2. d4 Nf6 3. Nc3 g6 4. Nf3 Bg7 5. Bc4 O-O 6. O-O d6 7. d5 exd5 8. exd5
Nbd7 9. Bg5 h6 10. Bxf6 Nxf6 11. Re1 Bg4 12. Be2 Re8 13. h3 Bd7 14. a4 Ne4 15.
Bd3 Nxc3 16. Rxe8+ Qxe8 17. bxc3 Bxc3 18. Ra3 Bg7 19. c4 Qe7 20. Bc2 Re8 21. Re3
Qf6 22. Rxe8+ Bxe8 23. Qb1 Qc3 24. Bd3 Qa1 25. Qxa1 Bxa1 26. g4 Bxa4 27. g5 Bd1
28. Nd2 Kg7 29. gxh6+ Kxh6 30. Ne4 f5 31. Ng3 Be5 0-1

[Event "AUTO-BEG-466"]
[Site "http://www.queenalice.com/game.php?id=903658"]
[Date "2011.2.21"]
[Round "1"]
[White "benoni"]
[Black "kasparov_chess"]
[Result "1-0"]
[WhiteElo "1816"]
[BlackElo "1443"]

1. e4 e5 2. Nf3 d6 3. d4 exd4 4. Nxd4 c5 5. Nb3 h6 6. Nc3 Nf6 7. f3 Be7 8. Be3
O-O 9. Qd2 Be6 10. Be2 Nc6 11. O-O c4 12. Nd4 Bd7 13. Bxc4 Ne5 14. Be2 a6 15.
Rad1 Qb6 16. Nf5 Bxf5 17. Bxb6 Bg6 18. Nd5 Bd8 19. Bxd8 Rfxd8 20. Nxf6+ gxf6 21.
f4 Nc6 22. Bf3 b5 23. Qc3 Kg7 24. Qxc6 Rdc8 25. Qd5 Rxc2 26. Qxa8 Rxb2 27. Qxa6
b4 28. Rxd6 h5 29. f5 Kh6 30. Rxf6 b3 31. fxg6 fxg6 32. Rxg6+ Kh7 33. Rh6+ Kg8
34. Qg6+ Kf8 35. Bxh5+ Ke7 36. Rh7+ Kd8 37. Qg8# 1-0

[Event "AUTO-BEG-467"]
[Site "http://www.queenalice.com/game.php?id=904605"]
[Date "2011.2.23"]
[Round "1"]
[White "castropereira"]
[Black "kasparov_chess"]
[Result "0-1"]
[WhiteElo "1105"]
[BlackElo "1464"]

1. e4 e5 2. Nf3 d6 3. Nc3 Nf6 4. h4 Be7 5. Nd5 Nxe4 6. h5 O-O 7. d3 Nc5 8. d4
Ncd7 9. Nxe7+ Qxe7 10. dxe5 dxe5 11. a4 Nc6 12. a5 Qb4+ 13. Bd2 Qxb2 14. Rc1 Re8
15. Rb1 Qa3 16. Rb3 Qa4 17. Rb4 Nxb4 18. c3 Qxa5 19. cxb4 Qd5 20. Rh4 Nf6 21.
Qa4 Bd7 22. Qc2 e4 23. Nh2 Rac8 24. Bc4 Qd6 25. b5 Qe5 26. Qb3 Be6 27. g3 c5 28.
Qa3 Bxc4 29. Qe3 Qa1+ 30. Bc1 Nd5 31. Qd2 e3 32. fxe3 Rxe3+ 33. Kd1 Bb3+ 34. Qc2
Bxc2+ 35. Kxc2 Qc3+ 36. Kb1 Qb3+ 37. Bb2 Re1# 0-1

[Event "AUTO-BEG-467"]
[Site "http://www.queenalice.com/game.php?id=904606"]
[Date "2011.2.23"]
[Round "1"]
[White "kasparov_chess"]
[Black "castropereira"]
[Result "1-0"]
[WhiteElo "1482"]
[BlackElo "1094"]

1. e4 e5 2. Qh5 g6 3. Qf3 f5 4. exf5 gxf5 5. Qxf5 d6 6. Qh5+ Kd7 7. Nf3 Nc6 8.
Bb5 e4 9. Ng5 h6 10. Nxe4 a6 11. Qg4+ Ke8 12. Qg6+ Kd7 13. Qf5+ Ke8 14. Qh5+ Kd7
15. O-O axb5 16. Nbc3 b4 17. Qf5+ Ke8 18. Qh5+ Kd7 19. Nd5 Ra4 20. Ndf6+ Nxf6
21. Nc5+ dxc5 22. Qxc5 Ra5 23. Qc4 Ra4 24. Qd3+ Ke8 25. Re1+ Kf7 26. b3 Ra5 27.
Qf3 Rc5 28. Bb2 Rxc2 29. Bxf6 Qxf6 30. Qe3 h5 31. Qe8+ Kg8 32. Qxc8 Rxd2 33.
Qxc7 Nd8 34. Rf1 Qc6 35. Qg3+ Bg7 36. Rac1 Qd7 37. h3 Rxa2 38. Rcd1 Qb5 39.
Rxd8+ Kh7 40. Rxh8+ Kxh8 41. Rd1 Qe2 42. Rf1 Qb2 43. Qe3 Ra3 44. Rd1 Rxb3 45.
Rd8+ Kh7 46. Qe4+ Kh6 47. Rd6+ Kg5 48. h4# 1-0

[Event "AUTO-BEG-467"]
[Site "http://www.queenalice.com/game.php?id=904621"]
[Date "2011.2.23"]
[Round "1"]
[White "andrehi"]
[Black "kasparov_chess"]
[Result "0-1"]
[WhiteElo "1268"]
[BlackElo "1467"]

1. e4 e5 2. Nf3 d6 3. Bc4 h6 4. b3 Nf6 5. Nc3 Be7 6. Bb2 O-O 7. Nd5 c6 8. Nxe7+
Qxe7 9. h4 Nxe4 10. Qe2 Bf5 11. d3 Nc5 12. d4 Ne6 13. dxe5 Nf4 14. Qd2 Nxg2+ 15.
Kf1 Nxh4 16. Nxh4 Bg4 17. Re1 dxe5 18. Rxe5 Qf6 19. Qd4 h5 20. Re3 Qg5 21. f3
Nd7 22. fxg4 c5 23. Qxd7 Qxe3 24. gxh5 Qf4+ 25. Ke1 Rae8+ 26. Kd1 Rd8 27. Qd3
Rxd3+ 28. cxd3 Re8 29. Ng6 Qf3+ 30. Kc2 Re2+ 31. Kc3 Qf6+ 0-1

[Event "AUTO-BEG-467"]
[Site "http://www.queenalice.com/game.php?id=904622"]
[Date "2011.2.23"]
[Round "1"]
[White "kasparov_chess"]
[Black "andrehi"]
[Result "0-1"]
[WhiteElo "1474"]
[BlackElo "1322"]

1. e4 e5 2. Qh5 Nc6 3. Bc4 g6 4. Qf3 Nf6 5. Nh3 Nd4 6. Qd3 d5 7. exd5 Nxd5 8. c3
Bf5 9. Bb5+ c6 10. Bc4 Bxd3 11. Bxd3 Ne6 12. O-O Ndf4 13. Nxf4 Nxf4 14. Bc4 Bh6
15. Re1 O-O 16. d4 exd4 17. Bd2 d3 18. Na3 Qb6 19. b4 a5 20. Re7 axb4 21. Nc2
dxc2 22. Rae1 bxc3 23. Be3 Qb4 24. Bxf7+ Rxf7 25. Re5 Nd3 26. Bc5 Qb5 27. a4
Rxa4 28. Re8+ Bf8 29. Rxf8+ Rxf8 30. Bxf8 Nxe1 31. Bh6 Ra1 32. h4 Nf3# 0-1